| 000 | 00352nam a22001217a 4500 | ||
|---|---|---|---|
| 008 | 230704b xxu||||| |||| 00| 0 eng d | ||
| 082 |
_a363.9 _bCBS |
||
| 110 | _bCentral Bureau of Statistics | ||
| 245 |
_aKenya Contraceptive Prevalence Survey 1984 _bFirst report |
||
| 260 | _bCentral Bureau of Statistics | ||
| 300 | _avarious panging | ||
| 942 |
_2ddc _cBK |
||
| 999 |
_c3911 _d3911 |
||